[Event "SR 2. liga A 2013/2014"]
[Site "?"]
[Date "2014.02.01"]
[Round "7.6"]
[White "Mydlarik, Martin"]
[Black "Puskar, Peter"]
[Result "1-0"]
[WhiteElo "2112"]
[BlackElo "2063"]
[PlyCount "165"]
[EventDate "2013.??.??"]

1. e4 c5 2. Nf3 d6 3. d4 cxd4 4. Nxd4 Nf6 5. Nc3 a6 6. a4 e5 7. Nf3 Be7 8. Bg5
Be6 9. Bxf6 Bxf6 10. Be2 O-O 11. O-O Nc6 12. Nd5 Bxd5 13. Qxd5 Qc7 14. c3 Rad8
15. Rfd1 Ne7 16. Qc4 Qb8 17. Rd2 Rd7 18. Rad1 Rfd8 19. h4 h6 20. g3 Nc6 21. Nh2
Be7 22. Ng4 Bf8 23. Ne3 Re8 24. Nd5 Nd8 25. Qd3 Ne6 26. b4 Rdd8 27. a5 Nc7 28.
Nb6 Na8 29. Nc4 Nc7 30. Qf3 Nb5 31. Nb6 Na7 32. Bc4 Qc7 33. Bb3 Nc6 34. Qf5 Qe7
35. Rd3 Qf6 36. Qg4 Re6 37. Rf3 Qe7 38. Bxe6 fxe6 39. Rfd3 Qf7 40. Qf3 Qe7 41.
Qg4 Qf7 42. Rf3 Qe7 43. Qg6 Na7 44. Rfd3 Nb5 45. Kg2 Qf7 46. h5 Be7 47. Nc4 Rf8
48. Qxf7+ Kxf7 49. Rf3+ Ke8 50. Rxf8+ Kxf8 51. Rd3 Kf7 52. Ne3 Bg5 53. Kf3 Ke7
54. Nc2 Bf6 55. Ke3 Bg5+ 56. f4 exf4+ 57. gxf4 Bf6 58. c4 Nc7 59. Nd4 Kd7 60.
e5 Be7 61. exd6 Bxd6 62. Nc2 Kc6 63. Ke4 Ne8 64. Nd4+ Kd7 65. Ne2 Nf6+ 66. Kf3
Ke7 67. Ng3 Bc7 68. Rd1 Ke8 69. Rh1 Ke7 70. Ne4 Nd7 71. Rg1 Kf7 72. Rd1 Nb8 73.
Nd6+ Ke7 74. Nxb7 Nc6 75. Nc5 Bd6 76. Nxa6 Bxb4 77. Nxb4 Nxb4 78. c5 Nc6 79. a6
e5 80. Rd6 Na7 81. fxe5 Nb5 82. Ke4 Nxd6+ 83. cxd6+ 1-0

[Event "SR 2. liga A 2013/2014"]
[Site "?"]
[Date "2014.02.01"]
[Round "7.6"]
[White "Puchart, Vladimir"]
[Black "Kundrak, Vladimir"]
[Result "1-0"]
[WhiteElo "2051"]
[BlackElo "1945"]
[PlyCount "61"]
[EventDate "2013.??.??"]

1. d4 Nf6 2. c4 g6 3. Nc3 d5 4. cxd5 Nxd5 5. e4 Nxc3 6. bxc3 Bg7 7. Bc4 c5 8.
Ne2 O-O 9. O-O Nc6 10. Be3 Bg4 11. f3 Na5 12. Bd3 cxd4 13. cxd4 Be6 14. Rc1
Bxa2 15. d5 Bb3 16. Qd2 e6 17. Nf4 exd5 18. exd5 b6 19. Qb4 Bxd5 20. Nxd5 Qxd5
21. Be4 Qe6 22. Bf2 Rac8 23. Kh1 Qa2 24. Bh4 Rfe8 25. Rcd1 Qe6 26. Rfe1 Rc4 27.
Qb5 Rc5 28. Qa4 Bc3 29. Bd5 Bxe1 30. Bxe6 Bxh4 31. Qxe8+ 1-0

[Event "SR 2. liga A 2013/2014"]
[Site "?"]
[Date "2014.02.01"]
[Round "7.6"]
[White "Petrakovic, Kamil"]
[Black "Doucha, Ludvik"]
[Result "1-0"]
[WhiteElo "1828"]
[BlackElo "2039"]
[PlyCount "121"]
[EventDate "2013.??.??"]

1. e4 e5 2. Nf3 d6 3. Be2 c5 4. Nc3 Nc6 5. Nd5 Nf6 6. Nxf6+ Qxf6 7. d3 h6 8. c3
Be7 9. O-O Qg6 10. Kh1 f5 11. exf5 Bxf5 12. Ne1 O-O-O 13. Qa4 d5 14. a3 Bd7 15.
Qc2 c4 16. dxc4 Bf5 17. Qa4 d4 18. cxd4 exd4 19. Bf3 d3 20. Bd2 Nd4 21. Bd5 Kb8
22. Bf4+ Bd6 23. Bxd6+ Rxd6 24. Nf3 Rxd5 25. cxd5 Nxf3 26. gxf3 Qd6 27. Qd4 Rd8
28. Rad1 g6 29. Rfe1 Qxd5 30. Qxd5 Rxd5 31. Rd2 Kc7 32. Kg2 a5 33. f4 Rd4 34.
Kg3 Kd6 35. Re8 Kc6 36. Kf3 Kb5 37. Ke3 Rd6 38. b3 b6 39. Re5+ Kc6 40. Rd1 Kb7
41. f3 Rc6 42. Rxf5 gxf5 43. Rxd3 Re6+ 44. Kd4 Rd6+ 45. Kc4 b5+ 46. Kc3 Rxd3+
47. Kxd3 Kc6 48. Kd4 Kd6 49. h3 h5 50. h4 Kc6 51. Ke5 Kc5 52. Kxf5 b4 53. a4
Kd4 54. Ke6 Kc3 55. f5 Kxb3 56. f6 Kxa4 57. f7 b3 58. f8=Q b2 59. Qf4+ Ka3 60.
Qd6+ Kb3 61. Qd3+ 1-0

[Event "SR 2. liga A 2013/2014"]
[Site "?"]
[Date "2014.02.01"]
[Round "7.6"]
[White "Kavon, Rastislav"]
[Black "Horvath, Marek"]
[Result "1-0"]
[WhiteElo "2026"]
[BlackElo "1811"]
[PlyCount "57"]
[EventDate "2013.??.??"]

1. e4 e5 2. Nf3 Nf6 3. Nxe5 d6 4. Nf3 Nxe4 5. Nc3 Nf6 6. d4 d5 7. Bg5 Be7 8.
Bd3 Bg4 9. h3 Bxf3 10. Qxf3 c6 11. O-O-O O-O 12. Rhe1 Nbd7 13. g4 Re8 14. Bd2
Nf8 15. h4 b5 16. g5 N6d7 17. Rg1 a5 18. h5 a4 19. g6 Nf6 20. gxh7+ N8xh7 21.
Bh6 Bf8 22. Bxg7 Bxg7 23. h6 b4 24. Rxg7+ Kh8 25. Qf5 Nf8 26. Ne2 b3 27. a3
bxc2 28. Rdg1 Rb8 29. Qxf6 1-0

[Event "SR 2. liga A 2013/2014"]
[Site "?"]
[Date "2014.02.01"]
[Round "7.6"]
[White "Soldan, Jan"]
[Black "Kolenak, Matus"]
[Result "0-1"]
[WhiteElo "1771"]
[BlackElo "1949"]
[PlyCount "58"]
[EventDate "2013.??.??"]

1. e4 c5 2. Nf3 Nc6 3. d4 cxd4 4. Nxd4 e6 5. Be3 Nf6 6. Nc3 Bb4 7. Bd3 d5 8. f3
e5 9. Nxc6 bxc6 10. a3 Ba5 11. exd5 Nxd5 12. Qd2 Nxe3 13. Qxe3 O-O 14. O-O-O
Qe7 15. Ne4 Rb8 16. Nc5 Bb6 17. Qe4 f5 18. Qc4+ Kh8 19. Nb3 Be6 20. Qa4 Be3+
21. Nd2 Qc5 22. Kb1 Bxd2 23. Rxd2 Qc3 24. Kc1 Qxb2+ 25. Kd1 Qb1+ 26. Ke2 Qxh1
27. Kf2 Rb1 28. Re2 f4 29. Rxe5 Qg1+ 0-1

[Event "SR 2. liga A 2013/2014"]
[Site "?"]
[Date "2014.02.22"]
[Round "8.1"]
[White "Sipos, Istvan"]
[Black "Arendas, Marek"]
[Result "1-0"]
[WhiteElo "2465"]
[BlackElo "2096"]
[PlyCount "63"]
[EventDate "2013.??.??"]

1. c4 e5 2. Nc3 Nf6 3. Nf3 Nc6 4. e4 d6 5. d4 Bg4 6. d5 Nd4 7. Be3 Nxf3+ 8.
gxf3 Bd7 9. f4 Ng4 10. Bd2 Qh4 11. Qf3 exf4 12. Qxf4 Be7 13. Be2 a6 14. Rg1 Ne5
15. O-O-O Qxf4 16. Bxf4 Ng6 17. Bg5 Bxg5+ 18. Rxg5 Nf4 19. Bg4 Bxg4 20. Rxg4
Nh5 21. e5 O-O-O 22. Rh4 g6 23. Re1 dxe5 24. Rxe5 Rde8 25. Rhe4 Rxe5 26. Rxe5
Kd8 27. Ne4 b6 28. Ng5 f6 29. Nf7+ Kd7 30. Rxh5 gxh5 31. Nxh8 Ke8 32. b4 1-0

[Event "SR 2. liga A 2013/2014"]
[Site "?"]
[Date "2014.02.22"]
[Round "8.1"]
[White "Puskar, Peter"]
[Black "Berczes, Csaba"]
[Result "0-1"]
[WhiteElo "2063"]
[BlackElo "2366"]
[PlyCount "70"]
[EventDate "2013.??.??"]

1. d4 Nf6 2. c4 e6 3. Nf3 b6 4. g3 Bb7 5. Bg2 Bb4+ 6. Bd2 Be7 7. O-O O-O 8. Nc3
Qc8 9. Bg5 h6 10. Bxf6 Bxf6 11. e4 d6 12. e5 dxe5 13. dxe5 Be7 14. Qe2 a6 15.
Rfd1 Nc6 16. Ne4 Rd8 17. a3 Rxd1+ 18. Rxd1 Qe8 19. Qc2 Rd8 20. b4 Rxd1+ 21.
Qxd1 Nxb4 22. Nf6+ gxf6 23. axb4 f5 24. Qb3 Qd7 25. h4 Be4 26. Bf1 a5 27. bxa5
bxa5 28. Ne1 a4 29. Qc3 Bc5 30. Nc2 Bxc2 31. Qxc2 Qd4 32. Qe2 a3 33. Bg2 Qxf2+
34. Qxf2 Bxf2+ 35. Kxf2 a2 0-1

[Event "SR 2. liga A 2013/2014"]
[Site "?"]
[Date "2014.02.22"]
[Round "8.1"]
[White "Janko, Michal"]
[Black "Puchart, Vladimir"]
[Result "1-0"]
[WhiteElo "2260"]
[BlackElo "2051"]
[PlyCount "107"]
[EventDate "2013.??.??"]

1. d4 Nf6 2. c4 e6 3. Nc3 d5 4. cxd5 exd5 5. Bg5 Be7 6. e3 O-O 7. Bd3 Nbd7 8.
Nge2 Re8 9. Qc2 c6 10. O-O Ne4 11. Bxe7 Qxe7 12. Rae1 Ndf6 13. f3 Nxc3 14. Nxc3
c5 15. Qf2 Bd7 16. Qh4 h6 17. Re2 Rac8 18. a3 cxd4 19. Qxd4 Qc5 20. Qxc5 Rxc5
21. Rd1 Rec8 22. Kf2 Kf8 23. Red2 Ke7 24. Bb1 Be6 25. Ba2 b6 26. Ke2 R8c7 27.
Nxd5+ Nxd5 28. Bxd5 Bxd5 29. Rxd5 Rxd5 30. Rxd5 Ke6 31. Rd2 f5 32. Kd1 g5 33.
Rc2 Rd7+ 34. Ke2 Rd6 35. b4 a6 36. Rc8 Kf6 37. a4 Ke5 38. Ra8 b5 39. axb5 axb5
40. Rb8 Rd5 41. Rb6 h5 42. h4 f4 43. e4 Rd4 44. Rxb5+ Kf6 45. Rf5+ Ke6 46. hxg5
Rxb4 47. Rxf4 Rb2+ 48. Kf1 Rb5 49. Rf6+ Ke7 50. Rf5 Rb2 51. Kg1 Re2 52. g6 Ra2
53. g7 Ra8 54. Rf8 1-0

[Event "SR 2. liga A 2013/2014"]
[Site "?"]
[Date "2014.02.22"]
[Round "8.1"]
[White "Sturdik, Igor"]
[Black "Farkas, Gabor"]
[Result "0-1"]
[WhiteElo "2017"]
[BlackElo "2307"]
[PlyCount "84"]
[EventDate "2013.??.??"]

1. e4 e5 2. Nf3 Nc6 3. d4 exd4 4. Bc4 Nf6 5. O-O d6 6. Nxd4 Be7 7. Nc3 O-O 8.
Bf4 Ne5 9. Be2 Ng6 10. Bg3 Re8 11. f4 c5 12. Nb3 Bf8 13. Bf3 Qb6 14. Kh1 a5 15.
a4 Bd7 16. Qd3 h5 17. e5 dxe5 18. Nd5 Nxd5 19. Bxd5 Rad8 20. fxe5 Be6 21. Bxe6
Qxe6 22. Qf5 Qxf5 23. Rxf5 h4 24. Bf2 b6 25. Re1 Rd5 26. h3 Bd6 27. Nc1 Rexe5
28. Rfxe5 Bxe5 29. Nd3 Bd4 30. Kg1 f6 31. Re4 Bxf2+ 32. Kxf2 Kf7 33. Ke3 f5 34.
Rc4 Kf6 35. Rc3 Rd6 36. Kf3 Ne7 37. Ne1 Nc6 38. Ke3 Nb4 39. Rc4 g5 40. Nf3 Nd5+
41. Kf2 Re6 42. Nd2 Ne3 0-1

[Event "SR 2. liga A 2013/2014"]
[Site "?"]
[Date "2014.02.22"]
[Round "8.1"]
[White "Janko, Ladislav"]
[Black "Kavon, Rastislav"]
[Result "1/2-1/2"]
[WhiteElo "2202"]
[BlackElo "2026"]
[PlyCount "78"]
[EventDate "2013.??.??"]

1. e4 e5 2. Nf3 Nc6 3. Bb5 a6 4. Ba4 Nf6 5. d3 d6 6. c3 b5 7. Bc2 Be7 8. Nbd2
O-O 9. Nf1 Re8 10. Ng3 Bf8 11. O-O Bb7 12. h3 Ne7 13. Bb3 Ng6 14. Nh2 d5 15.
Qe2 c5 16. Bg5 c4 17. dxc4 dxc4 18. Bc2 h6 19. Rad1 Qb6 20. Be3 Bc5 21. Bxc5
Qxc5 22. Ng4 Nh7 23. Ne3 Nf4 24. Qg4 Nf6 25. Qf3 g6 26. Ng4 Nxg4 27. Qxg4 Bc8
28. Qf3 Be6 29. Qe3 Qc7 30. Rfe1 Rad8 31. Ne2 Nxe2+ 32. Rxe2 Rxd1+ 33. Bxd1 Kg7
34. Rd2 Rd8 35. Bf3 Rd6 36. Kf1 Qd7 37. Ke1 Rxd2 38. Qxd2 Qxd2+ 39. Kxd2 Kf6
1/2-1/2

[Event "SR 2. liga A 2013/2014"]
[Site "?"]
[Date "2014.02.22"]
[Round "8.1"]
[White "Kolenak, Matus"]
[Black "Balogh, Peter"]
[Result "1-0"]
[WhiteElo "1949"]
[BlackElo "2081"]
[PlyCount "77"]
[EventDate "2013.??.??"]

1. e4 e5 2. Nf3 Nc6 3. Bb5 f5 4. d4 fxe4 5. Nxe5 Nxe5 6. dxe5 c6 7. Bc4 Qa5+ 8.
Bd2 Qxe5 9. Bc3 Qg5 10. g3 d5 11. Be2 Nf6 12. Nd2 Bh3 13. Nf1 Rd8 14. Qd4 Nd7
15. f4 exf3 16. Bxf3 Nc5 17. Nd2 Ne6 18. Qxa7 Bc5 19. Qxb7 O-O 20. Kd1 Rxf3 21.
Nxf3 Bg4 22. Rf1 Bxf3+ 23. Rxf3 Qg4 24. Qf7+ Kh8 25. Qf5 Qe4 26. Kc1 Qe2 27.
Qd3 Qxh2 28. b4 Bd6 29. Kb2 Rb8 30. a3 Nc5 31. Qd2 Qh5 32. Qd1 Qg6 33. Ka2 Ne4
34. Bb2 Ra8 35. b5 cxb5 36. Qxd5 Rc8 37. Re1 Nxg3 38. Re6 Qxc2 39. Rxd6 1-0

[Event "SR 2. liga A 2013/2014"]
[Site "?"]
[Date "2014.02.22"]
[Round "8.1"]
[White "Dvorsky, Jozef"]
[Black "Krist, Milan"]
[Result "1-0"]
[WhiteElo "2013"]
[BlackElo "1946"]
[PlyCount "61"]
[EventDate "2013.??.??"]

1. e4 c6 2. d4 d5 3. e5 Bf5 4. Ne2 e6 5. Ng3 Bg6 6. h4 h6 7. h5 Bh7 8. Bd3 Bxd3
9. Qxd3 c5 10. c3 cxd4 11. cxd4 Bb4+ 12. Nc3 Nc6 13. O-O Bxc3 14. bxc3 Qd7 15.
f4 f5 16. exf6 Nxf6 17. Ba3 O-O-O 18. Rae1 Rhe8 19. Qg6 Rg8 20. f5 Rde8 21.
fxe6 Rxe6 22. Rxe6 Qxe6 23. Nf5 Kc7 24. Nxg7 Qe3+ 25. Kh1 Qg5 26. Qxg5 hxg5 27.
Ne6+ Kd7 28. Rxf6 Na5 29. h6 Nc4 30. Bf8 Nd2 31. Bg7 1-0

[Event "SR 2. liga A 2013/2014"]
[Site "?"]
[Date "2014.02.22"]
[Round "8.1"]
[White "Hagara, Vladimir"]
[Black "Puobis, Jozef"]
[Result "1/2-1/2"]
[WhiteElo "1873"]
[BlackElo "1857"]
[PlyCount "22"]
[EventDate "2013.??.??"]

1. c4 e5 2. Nc3 Nc6 3. g3 Nf6 4. Bg2 Be7 5. e3 d6 6. Nge2 Bf5 7. d3 O-O 8. O-O
Qc8 9. Re1 Nb4 10. e4 Bh3 11. Bh1 h6 1/2-1/2

[Event "SR 2. liga A 2013/2014"]
[Site "?"]
[Date "2014.02.22"]
[Round "8.2"]
[White "Petenyi, Tamas"]
[Black "Pagerka, Martin"]
[Result "0-1"]
[WhiteElo "2464"]
[BlackElo "2224"]
[PlyCount "116"]
[EventDate "2013.??.??"]

1. e4 e6 2. d4 d5 3. Nd2 Nf6 4. e5 Nfd7 5. Bd3 c5 6. c3 Nc6 7. Ne2 Qb6 8. Nf3
cxd4 9. cxd4 Qb4+ 10. Bd2 Qxb2 11. Rb1 Qa3 12. Rb3 Qe7 13. O-O Nb6 14. Qb1 Nc4
15. Bg5 Qc7 16. Rc1 N6a5 17. Bxc4 dxc4 18. Rbc3 Bd7 19. Nd2 b5 20. Ne4 Bc6 21.
Nd6+ Bxd6 22. exd6 Qxd6 23. Rg3 Nb7 24. a4 a6 25. axb5 axb5 26. Bf4 Qe7 27.
Rxg7 Nd6 28. d5 Bxd5 29. Nc3 Bc6 30. Bg5 Qb7 31. Bf4 Nf5 32. Rg5 O-O-O 33. Rxf5
exf5 34. Qxf5+ Rd7 35. Qc5 Rg8 36. Ne4 Rd5 37. Nd6+ Rxd6 38. Qxd6 Rxg2+ 39. Kf1
Rg8 40. Bg3 Rd8 41. Qf4 Bh1 42. Qg4+ Qd7 43. Qh5 f5 44. Ra1 Qd3+ 45. Kg1 Bf3
46. Qh3 c3 47. Re1 h5 48. Qh4 Qe4 49. Qxd8+ Kxd8 50. Rxe4 fxe4 51. Bd6 Kd7 52.
Bb4 c2 53. Ba3 Be2 54. Kg2 Ke6 55. Kg3 Kd5 56. Kf4 Kd4 57. h4 b4 58. Bb2+ Kd3
0-1

[Event "SR 2. liga A 2013/2014"]
[Site "?"]
[Date "2014.02.22"]
[Round "8.2"]
[White "Rachela, Jozef"]
[Black "Jozefek, Michal"]
[Result "1/2-1/2"]
[WhiteElo "2078"]
[BlackElo "2168"]
[PlyCount "56"]
[EventDate "2013.??.??"]

1. d4 Nf6 2. Nf3 e6 3. c4 b6 4. Nc3 Bb4 5. Qc2 Bb7 6. a3 Bxc3+ 7. bxc3 h6 8. e3
c5 9. Bd3 Nc6 10. O-O Na5 11. e4 O-O 12. Bf4 d6 13. Qe2 Rc8 14. Rfd1 Qe7 15.
Rac1 Rfd8 16. e5 dxe5 17. dxe5 Ne8 18. Nd2 Rd7 19. Ne4 Rcd8 20. Nd6 Nxd6 21.
exd6 Qf8 22. Bc2 Bc8 23. Rd3 Kh8 24. Rh3 Nb7 25. Be5 f6 26. Qd3 f5 27. Rxh6+
Kg8 28. Rxe6 Nxd6 1/2-1/2

[Event "SR 2. liga A 2013/2014"]
[Site "?"]
[Date "2014.02.22"]
[Round "8.2"]
[White "Bury, Rastislav"]
[Black "Merva, Frantisek"]
[Result "1-0"]
[WhiteElo "2120"]
[BlackElo "2022"]
[PlyCount "45"]
[EventDate "2013.??.??"]

1. Nf3 Nf6 2. g3 b6 3. Bg2 Bb7 4. O-O d6 5. b4 Nbd7 6. Bb2 a5 7. b5 e5 8. d3
Be7 9. Re1 O-O 10. c4 Ne8 11. Nxe5 Bxg2 12. Nxd7 Qxd7 13. Kxg2 d5 14. Nc3 Nf6
15. cxd5 Nxd5 16. Qb3 Nf6 17. a4 Rfe8 18. Red1 Rad8 19. Rac1 Bb4 20. Rc2 Qg4
21. f3 Qh5 22. e4 Nxe4 23. dxe4 1-0

[Event "SR 2. liga A 2013/2014"]
[Site "?"]
[Date "2014.02.22"]
[Round "8.2"]
[White "Partys, Petr"]
[Black "Jablonicky, Frantisek"]
[Result "1/2-1/2"]
[WhiteElo "2007"]
[BlackElo "2146"]
[PlyCount "26"]
[EventDate "2013.??.??"]

1. d4 f5 2. Bg5 c5 3. dxc5 Qa5+ 4. Nc3 Qxc5 5. Nf3 g6 6. e4 Bg7 7. exf5 gxf5 8.
Bd3 Nf6 9. O-O O-O 10. Qe2 Nc6 11. Rfe1 e6 12. Rad1 d5 13. Nb5 Ne8 1/2-1/2

[Event "SR 2. liga A 2013/2014"]
[Site "?"]
[Date "2014.02.22"]
[Round "8.2"]
[White "Polasek, Filip"]
[Black "Edes, Zsofia"]
[Result "1-0"]
[WhiteElo "2085"]
[BlackElo "2008"]
[PlyCount "53"]
[EventDate "2013.??.??"]

1. e4 g6 2. d4 Bg7 3. Nf3 d6 4. Nc3 Nf6 5. h3 O-O 6. Be3 c6 7. Qd2 Qc7 8. Be2
Nbd7 9. O-O Re8 10. Rae1 Nf8 11. Ng5 e5 12. Bc4 Ne6 13. d5 Nxg5 14. Bxg5 c5 15.
f4 exf4 16. Nb5 Qd7 17. Qxf4 Nh5 18. Qxd6 Bd4+ 19. Be3 Rxe4 20. Bxd4 Rxe1 21.
Rxe1 cxd4 22. Qe5 a6 23. Nc7 Rb8 24. Ne8 Ra8 25. g4 f6 26. d6+ Kf8 27. Nxf6 1-0

[Event "SR 2. liga A 2013/2014"]
[Site "?"]
[Date "2014.02.22"]
[Round "8.2"]
[White "Kral, Klaudia"]
[Black "Diviak, Rastislav"]
[Result "0-1"]
[WhiteElo "1931"]
[BlackElo "1998"]
[PlyCount "64"]
[EventDate "2013.??.??"]

1. e4 d6 2. d4 Nf6 3. Nc3 g6 4. Be3 Bg7 5. Qd2 c6 6. Bh6 Bxh6 7. Qxh6 Qa5 8. f3
b5 9. Qd2 Nbd7 10. Nh3 b4 11. Nd1 c5 12. Ne3 Qc7 13. Nf4 Bb7 14. Be2 O-O 15.
O-O cxd4 16. Qxd4 e5 17. Nfd5 exd4 18. Nxc7 Rac8 19. Ned5 Nxd5 20. Nxd5 Bxd5
21. exd5 Rxc2 22. Bb5 Nc5 23. Rfd1 d3 24. Bxd3 Nxd3 25. Rxd3 Re8 26. Rb3 Ree2
27. g4 Rg2+ 28. Kf1 Rxh2 29. Kg1 Rcg2+ 30. Kf1 Rxb2 31. Rxb2 Rxb2 32. a3 b3 0-1

[Event "SR 2. liga A 2013/2014"]
[Site "?"]
[Date "2014.02.22"]
[Round "8.2"]
[White "Pipiska, Adam"]
[Black "Kahancova, Jana"]
[Result "1/2-1/2"]
[WhiteElo "1737"]
[BlackElo "1652"]
[PlyCount "72"]
[EventDate "2013.??.??"]

1. e4 e5 2. Nf3 Nc6 3. d4 exd4 4. Bc4 h6 5. Nxd4 Nf6 6. O-O Bc5 7. Nxc6 bxc6 8.
e5 Nh7 9. Qh5 O-O 10. e6 d5 11. exf7+ Rxf7 12. Bd3 Qf6 13. Be3 Bb6 14. Nd2 Bf5
15. Qxf5 Qxf5 16. Bxf5 Rxf5 17. Bxb6 cxb6 18. Nf3 Re8 19. Rfe1 Kf8 20. Rxe8+
Kxe8 21. Re1+ Kd7 22. Re3 c5 23. Nh4 Rf6 24. Re5 Kd6 25. Re8 Nf8 26. Rd8+ Nd7
27. Rg8 g5 28. Nf3 Re6 29. Kf1 d4 30. h4 gxh4 31. Nxh4 Ke5 32. Rg7 Rd6 33. Nf3+
Kd5 34. Nd2 a5 35. f3 Ne5 36. Ne4 Rg6 1/2-1/2

[Event "SR 2. liga A 2013/2014"]
[Site "?"]
[Date "2014.02.22"]
[Round "8.3"]
[White "Banas, Jan"]
[Black "Cibulka, Vladimir"]
[Result "1-0"]
[WhiteElo "2293"]
[BlackElo "2238"]
[PlyCount "75"]
[EventDate "2013.??.??"]

1. c4 f5 2. Nf3 Nf6 3. g3 e6 4. Bg2 c6 5. d4 d5 6. O-O Be7 7. Qc2 O-O 8. Nbd2
Bd7 9. Ne5 Be8 10. Ndf3 Ne4 11. Nd3 Nd7 12. b3 g5 13. Nfe5 Nxe5 14. Nxe5 Nd6
15. e3 Nf7 16. Nd3 Bd6 17. Bd2 Qe7 18. a4 Bd7 19. f3 Qf6 20. Rae1 Rae8 21. Bc3
Qg6 22. e4 dxc4 23. bxc4 fxe4 24. fxe4 e5 25. dxe5 Nxe5 26. Rxf8+ Kxf8 27. Nxe5
Bxe5 28. Bxe5 Rxe5 29. Qf2+ Ke7 30. Qxa7 Qd6 31. Qxb7 Qd4+ 32. Kh1 Qxc4 33. Qc7
Qe6 34. Bh3 Qd6 35. Qxd6+ Kxd6 36. Rd1+ Kc5 37. Bxd7 Rxe4 38. Rc1+ 1-0

[Event "SR 2. liga A 2013/2014"]
[Site "?"]
[Date "2014.02.22"]
[Round "8.3"]
[White "Veselsky, Jozef"]
[Black "Jacko, Vladimir"]
[Result "0-1"]
[WhiteElo "2160"]
[BlackElo "2281"]
[PlyCount "98"]
[EventDate "2013.??.??"]

1. d4 Nf6 2. Nf3 g6 3. g3 Bg7 4. Bg2 O-O 5. O-O d6 6. Nc3 Nbd7 7. Bf4 Nh5 8.
Be3 c6 9. Qd2 Re8 10. Bh6 Bh8 11. Rfd1 Qc7 12. Ne4 d5 13. Neg5 Nhf6 14. h3 e5
15. dxe5 Nxe5 16. Nxe5 Qxe5 17. c3 Qxe2 18. Qxe2 Rxe2 19. Re1 Rxe1+ 20. Rxe1
Be6 21. Nxe6 Re8 22. Bg5 fxe6 23. Be3 b6 24. Bd4 Nd7 25. Bxh8 Kxh8 26. c4 Nf6
27. g4 g5 28. b4 Kg7 29. b5 cxb5 30. cxd5 exd5 31. Rxe8 Nxe8 32. Bxd5 Kf6 33.
Kf1 Ke5 34. Bb3 Nd6 35. Ke2 Ne4 36. Ke3 Nc5 37. Bc2 h6 38. f4+ gxf4+ 39. Kf3
Ne6 40. Bd3 b4 41. h4 a5 42. Bc4 a4 43. Ke2 b5 44. Bd3 b3 45. axb3 a3 46. Bb1
b4 47. Kd3 f3 48. Ke3 f2 49. Kxf2 Kd4 0-1

[Event "SR 2. liga A 2013/2014"]
[Site "?"]
[Date "2014.02.22"]
[Round "8.3"]
[White "Janos, Martin"]
[Black "Darazs, Zoltan"]
[Result "1-0"]
[WhiteElo "2213"]
[BlackElo "2108"]
[PlyCount "69"]
[EventDate "2013.??.??"]

1. e4 c5 2. Bc4 e6 3. Nc3 Nc6 4. f4 a6 5. a4 Nf6 6. e5 d5 7. Be2 d4 8. exf6
dxc3 9. fxg7 cxd2+ 10. Bxd2 Bxg7 11. c3 Qb6 12. Qc2 Bd7 13. Nf3 O-O-O 14. Be3
e5 15. a5 Qc7 16. O-O Ne7 17. fxe5 Bxe5 18. Nxe5 Qxe5 19. Bf4 Qg7 20. Bf3 Bg4
21. Rae1 Nd5 22. Be5 f6 23. Bxd5 Rhf8 24. Bxf6 Rxf6 25. Rxf6 Qxf6 26. Bxb7+
Kxb7 27. Qe4+ Ka7 28. Qxg4 Rf8 29. Qe2 Rf7 30. h3 Rb7 31. Qc4 Qc6 32. Re5 Rc7
33. Re6 Qb7 34. b4 cxb4 35. Rxa6+ 1-0

[Event "SR 2. liga A 2013/2014"]
[Site "?"]
[Date "2014.02.22"]
[Round "8.3"]
[White "Kalmar, Tamas"]
[Black "Janos, Jozef"]
[Result "1/2-1/2"]
[WhiteElo "1974"]
[BlackElo "2123"]
[PlyCount "37"]
[EventDate "2013.??.??"]

1. d4 d5 2. c4 e6 3. Nc3 Nf6 4. Bg5 Be7 5. e3 O-O 6. Nf3 b6 7. cxd5 exd5 8. Bd3
Be6 9. O-O Nbd7 10. Rc1 c5 11. e4 dxe4 12. Nxe4 Nxe4 13. Bxe7 Qxe7 14. Bxe4
Rad8 15. Qc2 Nf6 16. dxc5 Qxc5 17. Qxc5 bxc5 18. Bb1 c4 19. Rfe1 1/2-1/2

[Event "SR 2. liga A 2013/2014"]
[Site "?"]
[Date "2014.02.22"]
[Round "8.3"]
[White "Tepper, Frantisek"]
[Black "Meszaros, Lorant"]
[Result "1/2-1/2"]
[WhiteElo "2153"]
[BlackElo "2027"]
[PlyCount "23"]
[EventDate "2013.??.??"]

1. e4 e5 2. Nf3 Nc6 3. Bc4 Bc5 4. b4 Bxb4 5. c3 Be7 6. d4 Na5 7. Bd3 exd4 8.
cxd4 d5 9. Qa4+ Nc6 10. Ne5 Bd7 11. Nxd7 Qxd7 12. Nc3 1/2-1/2

[Event "SR 2. liga A 2013/2014"]
[Site "?"]
[Date "2014.02.22"]
[Round "8.3"]
[White "Vegh, Vince"]
[Black "Fabry, Robert"]
[Result "0-1"]
[WhiteElo "1938"]
[BlackElo "2132"]
[PlyCount "60"]
[EventDate "2013.??.??"]

1. e4 e5 2. Nf3 Nc6 3. Bb5 a6 4. Ba4 Nf6 5. O-O Be7 6. Re1 b5 7. Bb3 O-O 8. c3
d5 9. exd5 Nxd5 10. Nxe5 Nxe5 11. Rxe5 c6 12. d4 Bd6 13. Re1 Qh4 14. g3 Qh3 15.
Be3 Bg4 16. Qd3 Rae8 17. Nd2 Re6 18. Qf1 Qh5 19. a4 f5 20. Bxd5 cxd5 21. f4
bxa4 22. Rxa4 Qe8 23. Bf2 Rxe1 24. Qxe1 Qxa4 25. Qe6+ Kh8 26. Qxd6 Re8 27. Qxd5
Qd1+ 28. Nf1 Bh3 29. Qc4 h6 30. Qxa6 Re2 0-1

[Event "SR 2. liga A 2013/2014"]
[Site "?"]
[Date "2014.02.22"]
[Round "8.3"]
[White "Mikulas, Dusan"]
[Black "Szekely, Stefan"]
[Result "1-0"]
[WhiteElo "2112"]
[BlackElo "1907"]
[PlyCount "77"]
[EventDate "2013.??.??"]

1. e4 d6 2. d4 Nf6 3. Nc3 g6 4. f3 Bg7 5. Be3 c6 6. Qd2 h6 7. O-O-O Na6 8. h4
Qa5 9. Kb1 Bd7 10. Nge2 O-O-O 11. Nc1 Nh5 12. Nb3 Qc7 13. Bxa6 bxa6 14. g4 Nf6
15. Qe2 Kb7 16. Bf4 Be6 17. Nc5+ Ka8 18. Nxe6 fxe6 19. Qxa6 Qb6 20. Qxb6 axb6
21. Be3 Kb7 22. Rhg1 Nd7 23. f4 c5 24. Ne2 Kc6 25. f5 cxd4 26. Bxd4 e5 27. Be3
Nf6 28. Nc3 e6 29. fxe6 Rhe8 30. g5 hxg5 31. hxg5 Nh5 32. Nd5 Rxe6 33. Bxb6 Rf8
34. Rd3 Nf4 35. Rc3+ Kb7 36. Rc7+ Kb8 37. Rxg7 Rc8 38. Ba7+ Ka8 39. Nb6# 1-0

[Event "SR 2. liga A 2013/2014"]
[Site "?"]
[Date "2014.02.22"]
[Round "8.3"]
[White "Both, Lajos"]
[Black "Kolman, Richard"]
[Result "0-1"]
[WhiteElo "1815"]
[BlackElo "2072"]
[PlyCount "46"]
[EventDate "2013.??.??"]

1. e4 d6 2. d4 Nf6 3. Nc3 c6 4. Nf3 Bg4 5. Be2 e6 6. O-O Be7 7. Be3 O-O 8. Qd2
d5 9. e5 Nfd7 10. Ne1 Bxe2 11. Nxe2 c5 12. c3 Nc6 13. a3 cxd4 14. cxd4 Na5 15.
Qd3 Qb6 16. b4 Nc4 17. Bc1 a5 18. bxa5 Rxa5 19. Nc2 Rfa8 20. Qc3 Rb5 21. Nb4
Qa5 22. Bb2 Ndb6 23. Nd3 Nxb2 0-1

[Event "SR 2. liga A 2013/2014"]
[Site "?"]
[Date "2014.02.22"]
[Round "8.4"]
[White "Rohacek, Miroslav"]
[Black "Frindt, Kornel"]
[Result "1-0"]
[WhiteElo "2246"]
[BlackElo "2164"]
[PlyCount "79"]
[EventDate "2013.??.??"]

1. c4 g6 2. Nc3 Bg7 3. g3 c5 4. Bg2 Nc6 5. e3 d6 6. Nge2 Nf6 7. d4 O-O 8. O-O
Bd7 9. b3 Qc8 10. Re1 Bh3 11. Bh1 e5 12. Bb2 cxd4 13. exd4 Qf5 14. Nb5 Rad8 15.
Rc1 a6 16. dxe5 dxe5 17. Nd6 Rxd6 18. Qxd6 Rd8 19. Qc5 Bf8 20. Qb6 Rd3 21. Rc2
Bb4 22. Bc3 Nd7 23. Qxb7 Bc5 24. Qa8+ Nf8 25. Nf4 exf4 26. Be4 Qd7 27. Qxc6
Qxc6 28. Bxc6 fxg3 29. hxg3 Bf5 30. Kg2 Ne6 31. Be4 Rxc3 32. Rxc3 Bb4 33. Rce3
Bxe1 34. Rxe1 Bxe4+ 35. Rxe4 Kf8 36. b4 Ke7 37. a4 Kd6 38. f4 a5 39. Rxe6+ fxe6
40. b5 1-0

[Event "SR 2. liga A 2013/2014"]
[Site "?"]
[Date "2014.02.22"]
[Round "8.4"]
[White "Cech, Dominik"]
[Black "Machalova, Veronika"]
[Result "1/2-1/2"]
[WhiteElo "2106"]
[BlackElo "2224"]
[PlyCount "74"]
[EventDate "2013.??.??"]

1. e4 c5 2. Nf3 d6 3. d4 cxd4 4. Nxd4 a6 5. Nc3 Nc6 6. Be2 Nf6 7. Be3 e6 8. O-O
Be7 9. f4 Qc7 10. a4 O-O 11. Kh1 Nxd4 12. Bxd4 e5 13. Be3 exf4 14. Bxf4 Be6 15.
Bg5 Rfe8 16. Qd2 Rac8 17. Rad1 Qb6 18. b3 Qc5 19. Rf3 Bg4 20. Rg3 Bxe2 21. Qxe2
Qe5 22. Qd2 Nxe4 23. Nxe4 Qxe4 24. Bxe7 Rxe7 25. Rd3 h6 26. h3 Re6 27. c4 Rc6
28. Rd4 Qe3 29. Qb4 Rc5 30. Qxb7 Rf5 31. R4d3 Qf2 32. Rf3 Re1+ 33. Rxe1 Qxe1+
34. Kh2 Qe5+ 35. Kg1 Qe1+ 36. Kh2 Qe5+ 37. Kg1 Qe1+ 1/2-1/2